| 000 | 02437cam a22006015a 4500 | ||
|---|---|---|---|
| 001 | 16883507 | ||
| 003 | OSt | ||
| 005 | 20140310184324.0 | ||
| 008 | 110721s2011 nyua c 000 1 eng | ||
| 010 | _a 2011283189 | ||
| 020 | _a9780545103770 | ||
| 020 | _a0545103770 | ||
| 020 | _a9780329823146 (Follett library ed.) | ||
| 020 | _a0329823140 (Follett library ed.) | ||
| 020 | _a1448748712 (PawPrnts) | ||
| 020 | _a9781448748716 (PawPrnts) | ||
| 035 | _a(OCoLC)ocn703625272 | ||
| 040 |
_aCNRCS _cCNRCS _dBTCTA _dMCT _dWIM _dJQJ _dFN4 _dRNL _dIGP _dX#4 _dDLC |
||
| 041 | 1 |
_aeng _hita |
|
| 042 | _alccopycat | ||
| 050 |
_aPZ 7 _b.St857Sww 2011 |
||
| 100 | 1 | _aStilton, Geronimo. | |
| 245 | 1 | 0 |
_aSave the white whale! / _cGeronimo Stilton. |
| 260 |
_aNew York, NY : _bScholastic Inc., _c2011. |
||
| 300 |
_a100 p. : _bcol. ill. ; _c20 cm. |
||
| 490 | 1 |
_aGeronimo Stilton ; _v#45 |
|
| 520 | _a"I invited my friend Petunia Pretty Paws to visit the Bay of Whales with me. But our trip got off on the wrong paw, and my relaxing vacation turned into a real nightmare. That is, until Petunia and I came across a great white whale that needed our help" (publisher). | ||
| 521 | _aG3 | ||
| 526 | _c580 | ||
| 650 | 0 |
_aStilton, Geronimo (Fictitious character) _vJuvenile fiction. _923656 |
|
| 650 | 0 |
_aVacations _vJuvenile fiction. _923657 |
|
| 650 | 0 |
_aHolidays _vFiction. _923658 |
|
| 650 | 0 |
_aWhite whale _vJuvenile fiction. _923659 |
|
| 650 | 0 |
_aWhales _vJuvenile fiction. _923660 |
|
| 650 | 0 |
_aMice _vJuvenile fiction. _923661 |
|
| 650 | 1 |
_aStilton, Geronimo (Fictitious character) _vFiction. _923662 |
|
| 650 | 1 |
_aVacations _vFiction. _923663 |
|
| 650 | 1 |
_aWhite whale _vFiction. _923664 |
|
| 650 | 1 |
_aWhales _vFiction. _923665 |
|
| 650 | 7 |
_aMice _vFiction. _2sears _923666 |
|
| 650 | 7 |
_aWhales _vFiction. _2sears _923667 |
|
| 700 | 1 |
_aCopercini, Sara. _4ill _923668 |
|
| 700 | 1 |
_aSisti, Riccardo. _4ill _923669 |
|
| 700 | 1 |
_aAliprandi, Christian. _4ill _923670 |
|
| 700 | 1 |
_aTramontozzi, Lidia. _4trl _923671 |
|
| 830 | 0 |
_aGeronimo Stilton. _923672 |
|
| 856 | 4 | 2 |
_3Contributor biographical information _uhttp://www.loc.gov/catdir/enhancements/fy1114/2011283189-b.html |
| 856 | 4 | 2 |
_3Publisher description _uhttp://www.loc.gov/catdir/enhancements/fy1114/2011283189-d.html |
| 906 |
_a0 _bibc _ccopycat _d2 _encip _f20 _gy-gencatlg |
||
| 942 |
_2lcc _cBK-SCHOLAS |
||
| 999 |
_c33615 _d33615 |
||